| 000 | 01284cam a2200217 4500500 | ||
|---|---|---|---|
| 005 | 20260208005125.0 | ||
| 041 | _afre | ||
| 042 | _adc | ||
| 100 | 1 | 0 |
_aFollett, Danielle _eauthor |
| 245 | 0 | 0 | _a“Blue Berries Always Surprise Us” |
| 260 | _c2019. | ||
| 500 | _a68 | ||
| 520 | _aCet article explore les relations entre le bonheur, la surprise et l’accident dans l’œuvre de Henry David Thoreau. Il aborde son épistémologie de la surprise, envisagée comme un engagement relationnel avec le monde et qui constitue une forme de connaissance, ainsi que ses idées sur le hasard et l’accident, reposant aussi à ses yeux sur sur l’expérience subjective. Ses rencontres avec les phénomènes naturels lors de ses promenades quotidiennes sont une source de bonheur, renforcé par la surprise : malgré l’indéniable expérience de deuil de Thoreau, ses écrits regorgent d’expressions de joie sincère. | ||
| 690 | _aaccident | ||
| 690 | _achance | ||
| 690 | _ahappiness | ||
| 690 | _aHenry David Thoreau | ||
| 690 | _asurprise | ||
| 786 | 0 | _nRevue française d’études américaines | 157 | 4 | 2019-02-15 | p. 161-172 | 0397-7870 | |
| 856 | 4 | 1 | _uhttps://shs.cairn.info/revue-francaise-d-etudes-americaines-2018-4-page-161?lang=en&redirect-ssocas=7080 |
| 999 |
_c1650689 _d1650690 |
||